[Event "Stein am Rhien op 14th"]
[Site "Stein am Rhien"]
[Date "2023.04.29"]
[Round "2"]
[White "Bernhard, Thomas"]
[Black "Sivashankar, Samyukta"]
[Result "0-1"]
[WhiteElo "1718"]
[BlackElo "1330"]
[PlyCount "118"]
[EventDate "2023.04.28"]
[EventType "swiss"]
[EventRounds "5"]
[EventCountry "SUI"]
[SourceTitle "CBM 214 Extra"]
[Source "ChessBase"]
[SourceDate "2023.07.31"]
[SourceVersion "1"]
[SourceVersionDate "2023.07.31"]
[SourceQuality "1"]

1. e4 c5 2. Nc3 d6 3. Bc4 Nc6 4. d3 g6 5. a3 Bg7 6. Nf3 Bg4 7. Bxf7+ Kd7 8. h3 Bxf3 9. Qxf3 Ne5 10. Qf4 Bh6 11. Qh4 Bxc1 12. Be6+ Kxe6 13. Rxc1 Nf6 14. f4 Nc6 15. 0-0 Nd4 16. Qf2 Kd7 17. b4 b6 18. e5 Nh5 19. Qe3 Ng7 20. Kh2 Qc7 21. Nd5 Qc6 22. Qe4 h5 23. c4 Nge6 24. b5 Qb7 25. Nf6+ Kc7 26. Nd5+ Kd8 27. Qxg6 dxe5 28. f5 Nc7 29. Qg7 Re8 30. f6 Nde6 31. Qh7 Nxd5 32. cxd5 Qxd5 33. fxe7+ Rxe7 34. Rf7 Rxf7 35. Qxf7 Nf4 36. Qf6+ Kc7 37. Qe7+ Qd7 38. Qxe5+ Qd6 39. Qg7+ Kc8 40. Qg3 Kb7 41. Qg7+ Qc7 42. Qg3 Rf8 43. Kh1 a6 44. Qf3+ Ka7 45. a4 Ne6 46. Qe3 Qf7 47. Re1 Re8 48. Qg3 Rd8 49. Qe5 Re8 50. Qg3 Rg8 51. Qe5 Qf2 52. Rg1 Qf7 53. Qd5 Rd8 54. Qc4 Rd4 55. Qb3 Qd7 56. Re1 Nf4 57. Qg8 Nxh3 58. Re8 Qb7 59. bxa6 Qc6 0-1

[Event "Dortmund Sparkassen op-B 47th"]
[Site "Dortmund"]
[Date "2019.07.21"]
[Round "9"]
[White "Maurer, Rainer1111"]
[Black "Bernhard, Thomas"]
[Result "1-0"]
[WhiteElo "1827"]
[BlackElo "1665"]
[PlyCount "63"]
[EventDate "2019.07.13"]
[EventType "swiss"]
[EventRounds "9"]
[EventCountry "GER"]
[SourceTitle "CBM 192 Extra"]
[Source "Chessbase"]
[SourceDate "2019.11.06"]
[SourceVersion "1"]
[SourceVersionDate "2019.11.06"]
[SourceQuality "1"]

1. d4 d5 2. c4 e6 3. Nf3 Nf6 4. Nc3 Bb4 5. Qc2 c5 6. e3 Nc6 7. a3 Bxc3+ 8. bxc3 Ne4 9. Bd3 cxd4 10. cxd5 exd5 11. Bxe4 dxe4 12. Qxe4+ Be6 13. cxd4 Qa5+ 14. Bd2 Qd5 15. Qh4 0-0 16. 0-0 f6 17. e4 Qd7 18. d5 Bxd5 19. exd5 Qxd5 20. Rab1 b5 21. Be3 Rfd8 22. h3 a6 23. Rfd1 Qf5 24. Rbc1 g5 25. Qg3 Na5 26. Rxd8+ Rxd8 27. Qc7 Rd7 28. Qxa5 g4 29. Nd4 Qe5 30. hxg4 h5 31. Qxa6 hxg4 32. Qc8+ 1-0

[Event "Dortmund Sparkassen op-B 47th"]
[Site "Dortmund"]
[Date "2019.07.16"]
[Round "4"]
[White "Gritzan, Ulrich"]
[Black "Bernhard, Thomas"]
[Result "1-0"]
[WhiteElo "1810"]
[BlackElo "1665"]
[PlyCount "69"]
[EventDate "2019.07.13"]
[EventType "swiss"]
[EventRounds "9"]
[EventCountry "GER"]
[SourceTitle "CBM 192 Extra"]
[Source "Chessbase"]
[SourceDate "2019.11.06"]
[SourceVersion "1"]
[SourceVersionDate "2019.11.06"]
[SourceQuality "1"]

1. c4 Nf6 2. Nf3 e6 3. Nc3 d5 4. d4 Bb4 5. Bg5 0-0 6. e3 Nbd7 7. Bd3 c6 8. 0-0 Be7 9. Rb1 Ng4 10. Bxe7 Qxe7 11. h3 Nh6 12. b4 f5 13. Qc2 Nf6 14. Rfc1 Ne4 15. Ne2 g5 16. Ne5 g4 17. Nf4 gxh3 18. gxh3 Kh8 19. Neg6+ hxg6 20. Nxg6+ Kh7 21. Nxe7 Rf7 22. Nxc8 Rxc8 23. Kh2 Ng5 24. Qe2 Rg8 25. Rg1 Rfg7 26. f4 Ne4 27. Rxg7+ Rxg7 28. Bxe4 fxe4 29. Rg1 Nf5 30. Rxg7+ Kxg7 31. c5 b6 32. Kg1 b5 33. Kf2 Kf6 34. Qh5 a6 35. Qe8 1-0

[Event "Dortmund Sparkassen op-B 47th"]
[Site "Dortmund"]
[Date "2019.07.15"]
[Round "3"]
[White "Bernhard, Thomas"]
[Black "Boecker, Juergen"]
[Result "1/2-1/2"]
[WhiteElo "1665"]
[BlackElo "1791"]
[PlyCount "53"]
[EventDate "2019.07.13"]
[EventType "swiss"]
[EventRounds "9"]
[EventCountry "GER"]
[SourceTitle "CBM 192 Extra"]
[Source "Chessbase"]
[SourceDate "2019.11.06"]
[SourceVersion "1"]
[SourceVersionDate "2019.11.06"]
[SourceQuality "1"]

1. e4 e5 2. Nf3 Nf6 3. Nc3 Nc6 4. Bb5 Nd4 5. Nxd4 exd4 6. Ne2 Nxe4 7. Nxd4 Bc5 8. Qf3 0-0 9. 0-0 d5 10. Nb3 Bb6 11. d4 Qf6 12. Qxf6 Nxf6 13. Re1 Bf5 14. c3 c6 15. Bf1 Rfe8 16. Bg5 Ne4 17. Bf4 g5 18. Be3 h6 19. Rad1 Kg7 20. Bd3 Nd6 21. Nc5 Bxd3 22. Nxd3 f6 23. f3 Kf7 24. Kf2 Re7 25. Bd2 Rae8 26. Rxe7+ Rxe7 27. Re1 1/2-1/2

[Event "Bad Woerishofen op 34th"]
[Site "Bad Woerishofen"]
[Date "2018.03.03"]
[Round "9"]
[White "Bernhard, Thomas"]
[Black "Von Saldern, Ruediger"]
[Result "0-1"]
[WhiteElo "1800"]
[BlackElo "1854"]
[PlyCount "129"]
[EventDate "2018.02.23"]
[EventType "swiss"]
[EventRounds "9"]
[EventCountry "GER"]
[SourceTitle "EXT 2019"]
[Source "ChessBase"]
[SourceDate "2018.10.10"]
[SourceVersion "1"]
[SourceVersionDate "2018.10.10"]
[SourceQuality "1"]

1. f4 d5 2. Nf3 g6 3. g3 Bg7 4. c3 Nf6 5. Bg2 0-0 6. 0-0 c5 7. d3 Nc6 8. h3 Qc7 9. Qe1 e5 10. e4 dxe4 11. dxe4 Nh5 12. f5 gxf5 13. exf5 e4 14. Nh4 Qxg3 15. Qxg3 Nxg3 16. Re1 Nxf5 17. Nxf5 Bxf5 18. Bxe4 Bxe4 19. Rxe4 Rae8 20. Nd2 Rxe4 21. Nxe4 b6 22. Bf4 f5 23. Nd6 Be5 24. Bxe5 Nxe5 25. Rf1 f4 26. Ne4 Kg7 27. Rd1 Kg6 28. Kf2 Kf5 29. Nd6+ Ke6 30. Ne4 Rg8 31. b3 h6 32. Rd2 Rg7 33. Rd8 Rd7 34. Rf8 Rd3 35. Rxf4 Rxh3 36. Kg2 Rh5 37. c4 Nd3 38. Rf8 Ke5 39. Re8+ Kd4 40. Re7 Re5 41. Rxa7 Kxe4 42. Rd7 Re6 43. a3 Rf6 44. Kg3 Ne5 45. Rd5 Rf3+ 46. Kh4 Rxb3 47. Rd6 Nxc4 48. Rxh6 Nxa3 49. Rd6 b5 50. Kg4 Rd3 51. Re6+ Kd4 52. Kf4 Kc3 53. Ra6 b4 54. Ke4 Rd8 55. Rh6 c4 56. Rh3+ Kb2 57. Rh2+ Nc2 58. Rf2 c3 59. Rh2 b3 60. Rf2 Rd4+ 61. Ke5 Rd2 62. Rf3 Ne1 63. Rf1 Re2+ 64. Kd4 c2 65. Kd5 0-1

[Event "GER Seniors Derby 15th"]
[Site "Wesel Undeloh"]
[Date "2016.04.08"]
[Round "5"]
[White "Bernhard, Thomas"]
[Black "Bohnstorff, Michael"]
[Result "0-1"]
[WhiteElo "1408"]
[BlackElo "2051"]
[PlyCount "80"]
[EventDate "2016.04.06"]
[EventType "swiss"]
[EventRounds "9"]
[EventCountry "GER"]
[SourceTitle "EXT 2019"]
[Source "ChessBase"]
[SourceDate "2018.10.10"]
[SourceVersion "1"]
[SourceVersionDate "2018.10.10"]
[SourceQuality "1"]

1. e4 d6 2. Nc3 e5 3. Nf3 c5 4. Nd5 Nf6 5. Nxf6+ Qxf6 6. c3 Nc6 7. h3 Be7 8. d3 Qg6 9. Be3 0-0 10. Qd2 f5 11. exf5 Bxf5 12. g4 Be6 13. Bg2 h6 14. g5 Qh5 15. gxh6 Rxf3 16. Bxf3 Qxf3 17. Rg1 Bf6 18. Bg5 g6 19. Bxf6 Qxf6 20. 0-0-0 Kh7 21. Rg3 Rf8 22. Rdg1 Ne7 23. f3 Qf4 24. b3 Kxh6 25. Kc2 Qxd2+ 26. Kxd2 Rf4 27. Ke3 Bf5 28. a3 Rh4 29. Rh1 Be6 30. Rg2 Bxb3 31. Rg4 Nf5+ 32. Kf2 Bd5 33. Rhg1 Rxg4 34. hxg4 Nh4 35. Rg3 Bxf3 36. Rxf3 Nxf3 37. Kxf3 Kg5 38. a4 d5 39. Kg3 e4 40. c4 exd3 0-1

[Event "GER Seniors Derby 15th"]
[Site "Wesel Undeloh"]
[Date "2016.04.08"]
[Round "6"]
[White "Jeske, Holger"]
[Black "Bernhard, Thomas"]
[Result "1-0"]
[WhiteElo "1905"]
[BlackElo "1408"]
[PlyCount "69"]
[EventDate "2016.04.06"]
[EventType "swiss"]
[EventRounds "9"]
[EventCountry "GER"]
[SourceTitle "EXT 2019"]
[Source "ChessBase"]
[SourceDate "2018.10.10"]
[SourceVersion "1"]
[SourceVersionDate "2018.10.10"]
[SourceQuality "1"]

1. e4 c5 2. b4 d6 3. b5 Nf6 4. f3 Nbd7 5. c4 g6 6. Bb2 Bg7 7. Nc3 e6 8. g3 b6 9. Bg2 Bb7 10. Nh3 Ne5 11. Qe2 h6 12. Nf2 Qc7 13. f4 Ned7 14. d3 0-0 15. 0-0 Rae8 16. Qc2 Nb8 17. a4 a5 18. bxa6 Nxa6 19. Nb5 Qd7 20. e5 Bxg2 21. exf6 Bh8 22. Kxg2 d5 23. Be5 Nb4 24. Qe2 Ra8 25. h4 Qd8 26. h5 g5 27. fxg5 dxc4 28. dxc4 hxg5 29. Rfd1 Qc8 30. Qg4 Qb7+ 31. Kh2 Kh7 32. Nd6 Qa7 33. Qe4+ Kh6 34. Ng4+ Kxh5 35. Kg2 1-0

[Event "Baden-ch op U1600"]
[Site "Birkenfeld"]
[Date "2013.06.01"]
[Round "5"]
[White "Kuehn, Joachim"]
[Black "Bernhard, Thomas"]
[Result "1-0"]
[WhiteElo "1563"]
[BlackElo "1588"]
[PlyCount "101"]
[EventDate "2013.05.30"]
[EventType "swiss"]
[EventRounds "7"]
[EventCountry "GER"]
[SourceTitle "EXT 2014"]
[Source "ChessBase"]
[SourceDate "2013.11.20"]
[SourceVersion "1"]
[SourceVersionDate "2013.11.20"]
[SourceQuality "1"]

1. e4 e5 2. Nf3 d6 3. d4 exd4 4. Nxd4 Nf6 5. Nc3 Bg4 6. f3 Bd7 7. Be3 a6 8. Qd2 c5 9. Nde2 Nc6 10. Nf4 Ne5 11. Be2 Bc6 12. Nfd5 b5 13. Nxf6+ Qxf6 14. Nd5 Qd8 15. 0-0-0 Be7 16. Nxe7 Kxe7 17. Bf4 Qc7 18. Qe3 Bb7 19. Rd2 Rhc8 20. Rhd1 f6 21. g4 Qa5 22. Kb1 Qb6 23. Bg3 Qc6 24. f4 Nf7 25. e5 fxe5 26. fxe5 Qe4 27. Qxe4 Bxe4 28. exd6+ Ke6 29. Re1 Kd7 30. Bxb5+ axb5 31. Rxe4 Re8 32. Rxe8 Rxe8 33. Kc1 Ng5 34. Rd5 Ne4 35. Re5 Nxg3 36. Rxe8 Kxe8 37. hxg3 Kd7 38. Kd2 Kxd6 39. Ke3 Ke5 40. c3 g5 41. b3 Kd5 42. a4 c4 43. bxc4+ Kxc4 44. axb5 Kxb5 45. Kd4 Kc6 46. Ke5 Kc5 47. Kf6 Kc4 48. Kxg5 Kxc3 49. Kh6 Kd4 50. Kxh7 Ke5 51. g5 1-0